[Event "Schachfreunde Deizisau-Koenigsspr. SC vo"]
[Site "Bingen"]
[Date "2008.12.28"]
[Round "3.1"]
[White "Borgmeyer, Max"]
[Black "Zhou, Syang"]
[Result "1/2-1/2"]
[WhiteElo "2031"]
[BlackElo "2083"]
[PlyCount "44"]
[EventDate "2008.??.??"]

1. e4 c5 2. Nf3 d6 3. d4 cxd4 4. Nxd4 Nf6 5. Nc3 g6 6. Be3 Bg7 7. f3 O-O 8. Bc4
Nc6 9. Qd2 Bd7 10. O-O-O Rc8 11. Bb3 Ne5 12. g4 b5 13. g5 Nh5 14. Ncxb5 Bxb5
15. Nxb5 Nxf3 16. Qe2 Ne5 17. Nxa7 Rb8 18. Nb5 Qa5 19. a4 Qa8 20. Nc3 Rfc8 21.
Rhf1 Rxb3 22. cxb3 Qxe4 1/2-1/2

[Event "Schachfreunde Deizisau-Koenigsspr. SC vo"]
[Site "Bingen"]
[Date "2008.12.28"]
[Round "3.2"]
[White "Fruechel, Marcel"]
[Black "Lock, Adrian"]
[Result "1/2-1/2"]
[WhiteElo "1832"]
[BlackElo "1924"]
[PlyCount "82"]
[EventDate "2008.??.??"]

1. d4 Nf6 2. c4 Nc6 3. Nf3 e6 4. Bg5 Bb4+ 5. Nc3 O-O 6. g3 h6 7. Bxf6 Qxf6 8.
Bg2 e5 9. d5 Nd4 10. O-O Bxc3 11. bxc3 Nxf3+ 12. Bxf3 d6 13. Bg2 b6 14. a4 a5
15. Qb3 Qe7 16. e4 f5 17. Bh3 fxe4 18. Bxc8 Raxc8 19. Rae1 Rf3 20. Rxe4 Rcf8
21. Re3 Rxe3 22. fxe3 Rxf1+ 23. Kxf1 Qg5 24. Qb5 Qxe3 25. Qe8+ Kh7 26. Qf7 Qd3+
27. Kg2 Qe4+ 28. Kg1 Qg6 29. Qxc7 Qb1+ 30. Kg2 Qc2+ 31. Kg1 Qd1+ 32. Kg2 Qxa4
33. Qxd6 Qc2+ 34. Kh3 Qxc3 35. Qxb6 Qxc4 36. Qe6 Qf1+ 37. Kg4 Qe2+ 38. Kh3 Qh5+
39. Kg2 Qe2+ 40. Kh3 Qf1+ 41. Kg4 Qc4+ 1/2-1/2

[Event "Schachfreunde Deizisau-Koenigsspr. SC vo"]
[Site "Bingen"]
[Date "2008.12.28"]
[Round "3.3"]
[White "Streich, Justus"]
[Black "Rempeli, Alex"]
[Result "1-0"]
[WhiteElo "1725"]
[BlackElo "1713"]
[PlyCount "37"]
[EventDate "2008.??.??"]

1. e4 c5 2. Nc3 Nc6 3. g3 g6 4. Bg2 Bg7 5. d3 e6 6. Be3 b6 7. Qd2 Bb7 8. Nge2
Nge7 9. Bh6 O-O 10. h4 d5 11. h5 f5 12. Bxg7 Kxg7 13. hxg6 hxg6 14. Qh6+ Kf6
15. Nf4 d4 16. Nh5+ Kf7 17. Qg7+ Ke8 18. Nf6+ Rxf6 19. Rh8+ 1-0

[Event "Schachfreunde Deizisau-Koenigsspr. SC vo"]
[Site "Bingen"]
[Date "2008.12.28"]
[Round "3.4"]
[White "Winkler, Tim"]
[Black "Akram, Shumon"]
[Result "0-1"]
[WhiteElo "1543"]
[BlackElo "1515"]
[PlyCount "98"]
[EventDate "2008.??.??"]

1. e4 e5 2. Nf3 Nf6 3. Nc3 Bb4 4. Bc4 Nc6 5. d3 d6 6. Bg5 h6 7. Bh4 g5 8. Bg3
Bg4 9. a3 Ba5 10. Bb5 a6 11. Bxc6+ bxc6 12. b4 Bb6 13. h4 Nh5 14. hxg5 Nxg3 15.
fxg3 Bxf3 16. Qxf3 Bd4 17. Ke2 Bxc3 18. Raf1 Qxg5 19. Qxf7+ Kd8 20. Qf6+ Qxf6
21. Rxf6 Ke7 22. Rfxh6 Rxh6 23. Rxh6 Rf8 24. Rh7+ Rf7 25. Rh8 Bd4 26. Ra8 Rf2+
27. Kd1 Rxg2 28. Rxa6 Kd7 29. Ra8 Rxg3 30. a4 Bc3 31. a5 Bxb4 32. a6 Bc5 33.
Kc1 Bd4 34. c3 Rxd3 35. cxd4 Rxd4 36. Rh8 Ra4 37. Rh7+ Ke6 38. Rh6+ Kf7 39.
Rh7+ Kg6 40. Rxc7 Rxa6 41. Rd7 c5 42. Kd2 Kg5 43. Kd3 Ra3+ 44. Kc4 Ra4+ 45. Kd3
Rd4+ 46. Ke3 c4 47. Rd8 Rd3+ 48. Ke2 Kf4 49. Rc8 Rd4 0-1

[Event "Schachgemeinschaft Porz-Schachklub Gau-A"]
[Site "Bingen"]
[Date "2008.12.28"]
[Round "3.1"]
[White "Meng, Pascal"]
[Black "Kremser, Michael"]
[Result "1/2-1/2"]
[WhiteElo "1595"]
[BlackElo "1818"]
[PlyCount "65"]
[EventDate "2008.??.??"]

1. d4 Nf6 2. Nf3 d5 3. Bf4 e6 4. e3 Bd6 5. Bg3 O-O 6. Bd3 b6 7. Nbd2 Bb7 8. Ne5
c5 9. c3 Ne4 10. f4 f6 11. Nef3 Nd7 12. Qc2 f5 13. Ne5 Rc8 14. Qd1 Ndf6 15.
Bxe4 Nxe4 16. Nxe4 fxe4 17. Qg4 Rf5 18. O-O Ba6 19. Rfc1 Qc7 20. h4 Bxe5 21.
fxe5 Qf7 22. Bf4 Bd3 23. Qh3 h5 24. Qg3 Kh7 25. Qe1 Qg6 26. Qg3 Qxg3 27. Bxg3
g5 28. hxg5 Rxg5 29. Bf4 Rg4 30. Kh2 Rcg8 31. g3 Kg6 32. Rh1 h4 33. gxh4
1/2-1/2

[Event "Schachgemeinschaft Porz-Schachklub Gau-A"]
[Site "Bingen"]
[Date "2008.12.28"]
[Round "3.2"]
[White "Finke, Kai"]
[Black "Stephan, Nikita"]
[Result "1-0"]
[WhiteElo "1593"]
[BlackElo "1602"]
[PlyCount "69"]
[EventDate "2008.??.??"]

1. c4 c6 2. Nc3 Nf6 3. Nf3 d5 4. cxd5 cxd5 5. d4 Nc6 6. Bf4 a6 7. e3 e6 8. Rc1
Ne4 9. Bd3 Nxc3 10. bxc3 Bd6 11. Bg3 O-O 12. O-O b5 13. a4 Bxg3 14. hxg3 Rb8
15. Qc2 h6 16. Rb1 b4 17. Rb2 a5 18. Bb5 Qb6 19. Rfb1 bxc3 20. Qxc3 Nb4 21. Ne5
Rb7 22. Nd3 Rc7 23. Qd2 Nxd3 24. Bxd3 Qa7 25. Rb5 Rb7 26. Qxa5 Qxa5 27. Rxa5
Rxb1+ 28. Bxb1 Bd7 29. Ra7 Rb8 30. Bd3 Bc6 31. Kf1 Ra8 32. Rxa8+ Bxa8 33. Ke2
Kf8 34. Kd2 Ke7 35. Kc3 1-0

[Event "Schachgemeinschaft Porz-Schachklub Gau-A"]
[Site "Bingen"]
[Date "2008.12.28"]
[Round "3.3"]
[White "Michel, Pascal"]
[Black "Krause, Johann"]
[Result "1-0"]
[WhiteElo "1390"]
[BlackElo "1463"]
[PlyCount "101"]
[EventDate "2008.??.??"]

1. d4 c6 2. c4 Nf6 3. Nc3 d5 4. Bg5 e6 5. e3 h6 6. Bh4 g5 7. Bg3 Bd6 8. Nf3 Nh5
9. Bxd6 Qxd6 10. c5 Qe7 11. Ne5 Ng7 12. Bd3 Nd7 13. Nf3 e5 14. Be2 f5 15. b4 e4
16. Nd2 a6 17. a4 Nf6 18. b5 Qc7 19. Rb1 Ne6 20. bxc6 bxc6 21. Qb3 Nd7 22. Qa3
O-O 23. a5 Rf6 24. Nb3 g4 25. g3 h5 26. Na4 Nef8 27. Nb6 Ra7 28. Nc1 Nb8 29.
Rb4 Nfd7 30. Na2 h4 31. Nc3 Rb7 32. Nca4 Rf7 33. Nxc8 Qxc8 34. Nb6 Qd8 35. Qb2
Qc7 36. Kd2 Ra7 37. Rb1 Kg7 38. Kc2 Nf6 39. Nxd5 Nxd5 40. Rxb8 Qxa5 41. Bc4
hxg3 42. hxg3 Rfd7 43. Bxd5 cxd5 44. Rb6 Qa4+ 45. Qb3 Qxb3+ 46. R1xb3 Rac7 47.
Rxa6 Kf7 48. Rbb6 Ra7 49. Rf6+ Ke7 50. Rxa7 Rxa7 51. Rxf5 1-0

[Event "Schachgemeinschaft Porz-Schachklub Gau-A"]
[Site "Bingen"]
[Date "2008.12.28"]
[Round "3.4"]
[White "Schell, Samuel"]
[Black "Gellert, Helena"]
[Result "1-0"]
[WhiteElo "1301"]
[BlackElo "1030"]
[PlyCount "31"]
[EventDate "2008.??.??"]

1. e4 d5 2. exd5 Qxd5 3. Nc3 Qd6 4. d4 Nf6 5. Nf3 a6 6. Bg5 Bf5 7. Bc4 Nbd7 8.
Qd2 e6 9. O-O-O c6 10. Rhe1 Be7 11. a3 O-O 12. Bf4 e5 13. Nxe5 Nxe5 14. Rxe5
Bg6 15. Rde1 Nh5 16. Rxh5 1-0

[Event "USG Chemnitz-SV 1920 Hofheim"]
[Site "Bingen"]
[Date "2008.12.28"]
[Round "3.2"]
[White "Nguyen Minh, Thuy"]
[Black "Ackermann, Johannes"]
[Result "0-1"]
[WhiteElo "1841"]
[BlackElo "1865"]
[PlyCount "108"]
[EventDate "2008.??.??"]

1. e4 e5 2. Nf3 Nc6 3. Bc4 Nf6 4. d3 Be7 5. c3 d5 6. exd5 Nxd5 7. O-O O-O 8.
Re1 Bg4 9. Nbd2 a6 10. Nf1 Nb6 11. Bb3 Qd7 12. h3 Bh5 13. Ng3 Bg6 14. Bc2 Rad8
15. Nxe5 Nxe5 16. Rxe5 Bf6 17. Re3 Nc4 18. Rf3 Ne5 19. Re3 Nxd3 20. Bxd3 Bxd3
21. Nh5 Be7 22. Qe1 Rfe8 23. Qd2 Bg6 24. Qxd7 Rxd7 25. Nf4 Rd1+ 26. Kh2 Bf5 27.
g3 Kf8 28. b4 Bf6 29. Rxe8+ Kxe8 30. Bb2 Rd2 31. Re1+ Kd7 32. Re2 Rxe2 33. Nxe2
Kd6 34. Nf4 g6 35. h4 Be4 36. Kg1 c5 37. a3 cxb4 38. axb4 b6 39. Kf1 a5 40.
bxa5 bxa5 41. Ke2 Kc5 42. Ke3 Bf5 43. Nd3+ Kc4 44. Nf4 Bxc3 45. Bxc3 Kxc3 46.
Ne2+ Kb2 47. Kd2 a4 48. Nc3 Bc2 49. Nxa4+ Bxa4 50. Ke3 h5 51. Kf4 Bd7 52. f3 f6
53. g4 Kc3 54. g5 fxg5+ 0-1

[Event "USG Chemnitz-SV 1920 Hofheim"]
[Site "Bingen"]
[Date "2008.12.28"]
[Round "3.3"]
[White "Sohl, Thies"]
[Black "Schaetz, Annika"]
[Result "1-0"]
[WhiteElo "1703"]
[BlackElo "1693"]
[PlyCount "59"]
[EventDate "2008.??.??"]

1. e4 c5 2. Nf3 Nc6 3. Bb5 a6 4. Bxc6 bxc6 5. O-O d6 6. d3 g6 7. Re1 Bg7 8. c3
Rb8 9. Nbd2 e5 10. Qa4 Qc7 11. Nc4 Nf6 12. h3 O-O 13. Nfd2 Nd7 14. Na5 Rb5 15.
Ndc4 d5 16. exd5 cxd5 17. Ne3 Qxa5 18. Qxa5 Rxa5 19. c4 dxc4 20. dxc4 e4 21.
Bd2 Bxb2 22. Bxa5 Bxa1 23. Rxa1 Ne5 24. Bc3 Nd3 25. Nd5 f5 26. Rb1 Kf7 27. Rb6
Kg8 28. Nf6+ Kf7 29. Nxh7 Nf4 30. Rf6+ 1-0

[Event "USG Chemnitz-SV 1920 Hofheim"]
[Site "Bingen"]
[Date "2008.12.28"]
[Round "3.4"]
[White "Jentzsch, Jakob"]
[Black "Langbein, Till"]
[Result "1-0"]
[WhiteElo "1528"]
[BlackElo "1536"]
[PlyCount "23"]
[EventDate "2008.??.??"]

1. e4 e5 2. Nf3 Nc6 3. d4 exd4 4. Nxd4 Nf6 5. f3 d5 6. Nxc6 bxc6 7. exd5 cxd5
8. Nc3 Bb4 9. Qe2+ Be6 10. Qb5+ Qd7 11. Qxb4 O-O-O 12. Ba6# 1-0